00934nam a2200289 4500001000800000005001700008007000400025008000400029010001700033020002500050040001900075050002200094082001600116100002300132245007600155250001300231260004300244300004100287500001900328650002700347650003700374700002300411906004500434942001300479999001300492952013900505431463120141024090654.0000000 a 87030983  a0867200936 :c$45.00 aUOELcDLCdDLC00aQA303b.P972 198800a515/.152191 aProtter, Murray H.10aCalculus with analytic geometry /cMurray H. Protter, Philip E. Protter a4th ed.  aBoston ;bJones and Bartlett ,cc1988. axii, 847, [125] p. :bill. ;c27 cm. aIncludes index 0aCalculus.xMathematics 0aGeometry, Analytic.xMathematics1 aProtter, Philip E. a7bcbccorignewd1eocipf19gy-gencatlg 2lcccSL2 c925d925 00102lcc4070aUOEbUOEcSHOd2014-10-24l12oQA303 .P972 1988p20138000r2026-04-27 09:29:55s2019-04-17t20138000w2014-10-24ySL2